书目信息 |
| 题名: |
故土苍茫
|
|
| 作者: | 程宝林 著 | |
| 分册: | ||
| 出版信息: | 北京 东方出版社 2009.11 |
|
| 页数: | 335页 | |
| 开本: | 21cm | |
| 丛书名: | ||
| 单 册: | ||
| 中图分类: | I267.1 | |
| 科图分类: | ||
| 主题词: | 散文--作品集--中国--当代 | |
| 电子资源: | ||
| ISBN: | 978-7-5060-3634-4 | |
| 000 | 00777nam0 2200229 450 | |
| 001 | 012010610402 | |
| 005 | 20100524111210.10 | |
| 009 | 012004418559 | |
| 010 | @a978-7-5060-3634-4@dCNY26.00 | |
| 100 | @a20100515d2009 em y0chiy0110 ea | |
| 101 | 0 | @achi |
| 102 | @aCN@b110000 | |
| 105 | @ay z 000cy | |
| 200 | 1 | @a故土苍茫@Agu tu cang mang@f程宝林著 |
| 210 | @a北京@c东方出版社@d2009.11 | |
| 215 | @a335页@d21cm | |
| 330 | @a本书从更新的视觉,关注中国农民的命运,以及他们在时代变革中的奋进和伤痛,充满了对故土的感恩与悲悯。同时,作者以国际性生存为背景,细腻地折射出了这个农家子弟在美国生存、求学、发展的心路历程。 | |
| 606 | 0 | @a散文@x作品集@y中国@z当代 |
| 690 | @aI267.1@v4 | |
| 701 | 0 | @a程宝林@Acheng bao lin@4著 |
| 801 | 0 | @aCN@c20100515 |
| 905 | @dI267.1@eC730@f3 | |
| 故土苍茫/程宝林著.-北京:东方出版社,2009.11 |
| 335页;21cm |
| ISBN 978-7-5060-3634-4:CNY26.00 |
| 本书从更新的视觉,关注中国农民的命运,以及他们在时代变革中的奋进和伤痛,充满了对故土的感恩与悲悯。同时,作者以国际性生存为背景,细腻地折射出了这个农家子弟在美国生存、求学、发展的心路历程。 |
| ● |
| 相关链接 |
|
|
|
正题名:故土苍茫
索取号:I267.1/C730
 
预约/预借
| 序号 | 登录号 | 条形码 | 馆藏地/架位号 | 状态 | 备注 |